Críticas de las teorías y la política burguesas de la población
Saved in:
| Hovedforfatter: | |
|---|---|
| Format: | Bog |
| Sprog: | spansk |
| Udgivet: |
Santiago
Centro Latinoamericano de Demografía
1971
|
| Fag: | |
| Tags: |
Tilføj Tag
Ingen Tags, Vær først til at tagge denne postø!
|
MARC
| LEADER | 00000nam a2200000 a 4500 | ||
|---|---|---|---|
| 001 | UCG1704 | ||
| 003 | CL-VaPUC | ||
| 008 | 100513e19710000CL |||||||||||||||||spa|d | ||
| 082 | 0 | 4 | |a 304.609 |b SMU |2 21 |
| 100 | 0 | |a Smulevich, B. Ia |e author |9 549681 | |
| 245 | 1 | 0 | |a Críticas de las teorías y la política burguesas de la población |
| 300 | |a 479 p | ||
| 942 | |c BK | ||
| 945 | |d 20100513 00:00:00 |a dcastane | ||
| 260 | |a Santiago |b Centro Latinoamericano de Demografía |c 1971 | ||
| 650 | 0 | |a Demografía |9 260008 | |
| 650 | 7 | |a DESARROLLO POBLACIONAL |2 CL-VaPUC |9 549682 | |
| 650 | 0 | |a Población |9 257577 | |
| 650 | 7 | |a EXPLOSION DEMOGRAFICA |2 CL-VaPUC |9 409765 | |
| 651 | 0 | |a América Latina |9 255027 | |
| 583 | |a last modification |c 20100513 00:00:00 |k Rodrigo Vera | ||
| 999 | |c 340978 |d 340976 | ||
| 952 | |0 0 |1 0 |4 0 |6 304_609000000000000_SMU_1971 |7 0 |8 X |9 436157 |a FDOBUD |b FDOBUD |d 2019-11-22 |i 467281K |o 304.609 SMU 1971 |p 467281K |r 2019-11-22 |w 2019-11-22 |y BK_X |k BUD | ||